LDR 00869naa#a2200157#i#450# 001 RU\\bibl\19451 005 20260516063516.6 100 ## _a20260515b2026####ek#y0rusy0150####ca 102 ## _aRU 200 1# _aПРЕДВАРИТЕЛЬНАЯ ОЦЕНКА СОСТОЯНИЯ И ФОРМИРОВАНИЯ МАКРОСТРОБИЛОВ PINUS SIBIRICA DU TOUR. В КОЛЛЕКЦИИ КЛОНОВ В УСЛОВИЯХ КУРСКОЙ ОБЛАСТИ _eСтатья/тезисы конференции 210 1# _aВоронеж _cВоронежский государственный лесотехнический университет имени Г.Ф. Морозова _d2026 215 ## _a7 с. 608 ## _aСтатья/тезисы конференции _2local 675 ## _aЛесное хозяйство. Лесоводство. 630 _z 700 #1 _aЕськов _gВ. А. 856 4# _abibl.vgltu.ru _u